000 00496nam a2200169Ia 4500
999 _c26929
_d26929
003 OSt
005 20201215155344.0
008 190216s9999||||xx |||||||||||||| ||und||
040 _coclc
082 _a894.8124
_bCHA/S
100 _aChandrasekharan, M R
_97114
245 0 _aSathyavum Kavithayum /
_cM R Chandrasekharan
260 _bPoorna Publication,
_aKozhikode:
_c1979.
300 _a140p
650 _aLekhanam
942 _cBK
_2ddc
_h894.8124
_iCHA/S
_k894.8124
_mCHA/S